Statistics for Guess the 1970s song lyrics #256

Click here to take the quiz!

General Stats

  • This quiz has been taken 9 times
  • The average score is 173 of 312

Answer Stats

Answer% Correct
I
89%
a
78%
in
78%
love
78%
the
78%
are
67%
baby
67%
Baby
67%
be
67%
don't
67%
Don't
67%
have
67%
I'll
67%
my
67%
My
67%
no
67%
No
67%
to
67%
To
67%
want
67%
What
67%
You
67%
you
67%
and
56%
And
56%
as
56%
hear
56%
heart
56%
If
56%
it
56%
need
56%
Oh
56%
out
56%
That
56%
was
56%
Where
56%
Cause
44%
come
44%
For
44%
from
44%
has
44%
hearts
44%
I'm
44%
is
44%
just
44%
Just
44%
me
44%
one
44%
Only
44%
or
44%
show
44%
So
44%
star
44%
think
44%
two
44%
With
44%
won't
44%
your
44%
you're
44%
You're
44%
accept
33%
around
33%
beating
33%
cheering
33%
coming
33%
Could
33%
crowd
33%
had
33%
inspire
33%
loud
33%
parades
33%
superstar
33%
There'll
33%
you've
33%
day
22%
denied
22%
find
22%
found
22%
honey
22%
mean
22%
now
22%
Now
22%
satisfied
22%
shine
22%
Somebody
22%
take
22%
within
22%
worth
22%
beauty
11%
clear
11%
cloudy
11%
dying
11%
hurt
11%
knows
11%
nobody
11%
number
11%
queen
11%
rejected
11%
running
11%
stage
11%
steal
11%
stop
11%
till
11%
tune
11%
TV
11%

Score Distribution

Percentile by Number Answered

Percent of People with Each Score

Your Score History

You have not taken this quiz